Statystyki dla Złote karty Niemców w EA FC 24

Kliknij tutaj aby rozwiązać quiz!

Ogólne statystyki

  • Ten quiz został rozwiązany 22 razy
  • Średni wynik to 26 z 100

Statystyki odpowiedzi

OverallZawodnik% Poprawnych
87Manuel Neuer
94%
88Joshua Kimmich
89%
89Marc-Andre ter Stegen
89%
84Thomas Muller
89%
86Ilkay Gundogan
83%
86Toni Kroos
83%
83Mats Hummels
78%
85Antonio Rudiger
72%
84Leroy Sane
72%
83Marco Reus
72%
86Jamal Musiala
67%
85Kevin Trapp
67%
85Leon Goretzka
67%
84Serge Gnabry
67%
82Timo Werner
67%
85Florian Wirtz
61%
84Julian Brandt
61%
82Kai Havertz
61%
84Niklas Sule
61%
81Jonathan Tah
50%
81Bernd Leno
44%
83Jonas Hofmann
44%
82Mario Gotze
44%
80Niclas Fullkrug
44%
75Philipp Hofmann
44%
84Matthias Ginter
39%
78Pascal Gross
39%
80Karim Adeyemi
33%
79Christian Gunter
28%
75Deniz Undav
28%
83Emre Can
28%
77Malick Thiaw
28%
78Marius Wolf
28%
83Nico Schlotterbeck
28%
79Ridle Baku
28%
79Robin Gosens
28%
75Stefan Bell
28%
79Stefan Ortega
28%
76Thilo Kehrer
28%
77Youssoufa Moukoko
28%
78David Raum
22%
77Julian Draxler
22%
80Julian Weigl
22%
79Lukas Klostermann
22%
80Oliver Baumann
22%
76Robin Koch
22%
78Benjamin Henrichs
17%
77Felix Nmecha
17%
78Lars Stindl
17%
77Lukas Nmecha
17%
76Max Kruse
17%
76Sami Khedira
17%
80Hany Mukhtar
11%
79Kerem Demirbay
11%
79Kevin Volland
11%
79Lars Unnerstall
11%
78Mahmoud Dahoud
11%
76Marcel Halstenberg
11%
75Marc-Oliver Kempf
11%
77Marvin Ducksch
11%
81Maximilian Arnold
11%
78Philipp Max
11%
76Vitaly Janelt
11%
76Alexander Nubel
6%
75Anton Stach
6%
77Christoph Kramer
6%
79Florian Neuhaus
6%
77Janis Blaswich
6%
75Jordan Beyer
6%
76Kevin Vogt
6%
75Mark Uth
6%
82Robert Andrich
6%
77Robin Knoche
6%
79Sebastian Rode
6%
76Suat Serdar
6%
77Timo Hubers
6%
75Waldemar Anton
6%
75Ansgar Knauff
0%
75Arne Maier
0%
77Dominik Kohr
0%
75Eduard Lowen
0%
75Felix Udoukhai
0%
76Grischa Promel
0%
75Janik Haberer
0%
75Julian Chabot
0%
76Kai Wagner
0%
75Lukas Kubler
0%
77Manuel Riemann
0%
75Marcel Schuhen
0%
75Marco Richter
0%
75Marius Bulter
0%
77Marvin Schwabe
0%
78Mergim Berisha
0%
77Mitchell Weiser
0%
77Nadiem Amiri
0%
76Nicolas Hofler
0%
76Niklas Dorsch
0%
76Robin Zentner
0%
75Tim Kleindienst
0%
77Yannick Gerhardt
0%

Rozkład punktacji

Percentyl według liczby udzielonych odpowiedzi

Procent ludzi z każdym wynikiem

Twoja historia wyników

Nie rozwiązałeś tego quizu